[Event "CCAS Open"]
[Site "Cap d'Agde FRA"]
[Date "2003.10.27"]
[Round "6"]
[White "Philippe,C"]
[Black "Sveshnikov,E"]
[Result "0-1"]
[WhiteElo "2346"]
[BlackElo "2557"]

1.e4 c5 2.Nf3 Nc6 3.Nc3 e5 4.Bc4 Be7 5.d3 Nf6 6.Ng5 O-O 7.f4 d5 8.exd5 Nd4
9.O-O Bg4 10.Nf3 Bd6 11.fxe5 Bxe5 12.Bg5 Nxf3+ 13.gxf3 Bh3 14.Re1 Bd4+ 15.Kh1 Ng4
16.Qd2 Qxg5 17.Qxg5 Nf2+ 18.Kg1 Nxd3+ 19.Kh1 Nf2+ 20.Kg1 Ne4+ 21.Qe3 Nd2
22.Bb5 a6 23.Bd3 Rae8 24.Kf2 Rxe3 25.Rxe3 Re8 26.Nd1 c4 27.Be2 f5 28.c3 Bc5
29.Ke1 Bxe3 30.Nxe3 f4 31.Kxd2 fxe3+ 32.Ke1 b5 33.Bf1 Bxf1 34.Kxf1 Re5 35.Ke2 Rxd5
36.Kxe3 Rh5 37.Rh1 Kf7 38.Kf4 Kf6 39.h3 Rf5+ 40.Kg3 Rg5+ 41.Kf2 Rd5 42.Ke2 Kf5
43.h4 Rd6 44.a3 Rh6 45.Kf2 g5 46.Kg3 gxh4+ 47.Kh3 Rd6 48.Rh2 Kf4 49.Rf2 Ke3
50.Rf1 Ke2 51.Rb1 Kxf3 52.a4 Ke2 53.axb5 axb5 54.Kxh4 Rd1  0-1

[Event "CCAS Open"]
[Site "Cap d'Agde FRA"]
[Date "2003.10.28"]
[Round "7"]
[White "Libiszewski,F"]
[Black "Palac,M"]
[Result "0-1"]
[WhiteElo "2446"]
[BlackElo "2534"]

1.e4 c5 2.Nf3 Nc6 3.Nc3 d6 4.d4 cxd4 5.Nxd4 Nf6 6.f3 Qb6 7.Nb3 e6 8.Qe2 a6
9.Be3 Qc7 10.g4 b5 11.g5 Nd7 12.O-O-O Be7 13.Qf2 Rb8 14.Kb1 Nb6 15.Bxb5 axb5
16.Nxb5 Qb7 17.Bxb6 Qxb6 18.Qxb6 Rxb6 19.Nxd6+ Bxd6 20.Rxd6 Ke7 21.Rhd1 Rd8
22.Rxd8 Nxd8 23.c3 e5 24.Rd5 Be6 25.Ra5 Nc6 26.Ra8 Bxb3 27.axb3 Rxb3 28.Rh8 Nd8
29.Kc2 Rb6 30.b4 h6 31.h4 hxg5 32.hxg5 Ne6 33.Kb3 Nxg5 34.Kc4 Rc6+  0-1

[Event "Classics II IM"]
[Site "Gausdal NOR"]
[Date "2003.10.28"]
[Round "10"]
[White "Meyer,Fa"]
[Black "Ekeberg,C"]
[Result "1-0"]
[WhiteElo "2348"]
[BlackElo "2243"]

1.e4 c5 2.Nf3 Nc6 3.Nc3 e5 4.Bc4 d6 5.d3 Be7 6.O-O Nf6 7.Ng5 O-O 8.f4 h6
9.Nf3 exf4 10.Bxf4 Be6 11.Qd2 d5 12.exd5 Nxd5 13.Bxd5 Bxd5 14.Bxh6 gxh6 15.Qxh6 f5
16.Qg6+ Kh8 17.Qh6+ Kg8 18.Qg6+ Kh8 19.Ng5 Bxg5 20.Nxd5 Ne5 21.Qh5+ Kg7 22.c4 Ng6
23.Rae1 Rh8 24.Qf3 Qd6 25.g3 Raf8 26.h4 Bf6 27.Re2 Bd4+ 28.Kg2 Rf7 29.Rfe1 Ne5
30.Qf4 Re8 31.h5 b6 32.b4 Kh7 33.bxc5 bxc5 34.g4 fxg4 35.Qxf7+ Nxf7 36.Rxe8 Ne5
37.Re4 Kh6 38.Nf4 Qd7 39.Re6+ Kh7 40.R6xe5 Bxe5 41.Rxe5 Qb7+ 42.Re4 Qb1 43.Kg3 Qxa2
44.Kxg4 Qa5 45.Re7+ Kh6 46.Nd5 Qd8 47.Re6+ Kh7 48.Kf5 a5 49.Rg6 a4 50.Nf6+ Kh8
51.Rh6+ Kg7 52.Rh7+ Kf8 53.Rh8+ Ke7 54.Rxd8 Kxd8 55.h6  1-0

[Event "WYb16"]
[Site "Halkidiki GRE"]
[Date "2003.10.28"]
[Round "6"]
[White "Mamikonian,T"]
[Black "Gerzhoy,L"]
[Result "1-0"]
[WhiteElo "2295"]
[BlackElo "2423"]

1.e4 c5 2.Nc3 Nc6 3.Bb5 Nd4 4.Bc4 g6 5.Nf3 Bg7 6.Nxd4 cxd4 7.Qf3 Nh6 8.Ne2 O-O
9.O-O Ng4 10.Bb3 Ne5 11.Qg3 a5 12.a4 d3 13.cxd3 Nc6 14.Qe3 e6 15.d4 d5 16.e5 Qb6
17.Bc2 f6 18.f4 Bd7 19.b3 fxe5 20.fxe5 Rxf1+ 21.Kxf1 Rf8+ 22.Ke1 Nb4 23.Bb1 Qd8
24.Ba3 Qh4+ 25.Qg3 Qe7 26.Ng1 b5 27.Nf3 bxa4 28.bxa4 Bxa4 29.Kf2 Bb5 30.Qg4 Bd7
31.h4 Be8 32.Kg1 Bh6 33.Bb2 Nc6 34.Ba3 Nb4 35.Bb2 Nc6 36.h5 Rf4 37.Qg3 g5
38.Ba3 Qd8 39.Bc5 Bxh5 40.Ra3 g4 41.Rb3 Bg6 42.Bxg6 hxg6 43.Qh2 gxf3 44.Qxh6 Rf7
45.Qxg6+ Rg7 46.Qxe6+ Kh8 47.Rxf3  1-0

[Event "WYb18"]
[Site "Halkidiki GRE"]
[Date "2003.10.28"]
[Round "6"]
[White "Gajewski,G"]
[Black "Terrieux,K"]
[Result "1-0"]
[WhiteElo "2462"]
[BlackElo "2253"]

1.e4 c5 2.Nf3 Nc6 3.Nc3 g6 4.Bb5 Bg7 5.Bxc6 dxc6 6.d3 e5 7.Be3 Qe7 8.h3 f6
9.a4 a5 10.Nd2 Nh6 11.f4 Nf7 12.f5 gxf5 13.exf5 Bxf5 14.Nce4 b6 15.Qf3 Bxe4
16.Nxe4 O-O 17.O-O Nd6 18.Nxd6 Qxd6 19.Qg4 Kh8 20.Rf5 Qe6 21.Raf1 Rae8 22.Qe4 Qd5
23.Qh4 Qg8 24.Qe4 Re6 25.R5f3 Rf7 26.Rg3 f5 27.Rxf5 Rxf5 28.Qxf5 Rf6 29.Qxf6 Bxf6
30.Rxg8+ Kxg8 31.b3 Kf7 32.Kf2 Ke6 33.Kf3 Bg7 34.Ke4 Bf6 35.g3 Bg7 36.Bg5  1-0

[Event "Open"]
[Site "Bastia FRA"]
[Date "2003.10.29"]
[Round "2"]
[White "Guidarelli,L"]
[Black "Tregubov,P"]
[Result "0-1"]
[WhiteElo "2422"]
[BlackElo "2635"]

1.e4 c5 2.Nc3 Nc6 3.Nf3 g6 4.Bb5 Bg7 5.O-O Nf6 6.Re1 O-O 7.e5 Ne8 8.Bxc6 dxc6
9.d3 Nc7 10.Bf4 Bg4 11.h3 Bxf3 12.Qxf3 Ne6 13.Bh2 Nd4 14.Qd1 b6 15.Ne2 Ne6
16.Nf4 Qc8 17.Nxe6 Qxe6 18.Re4 f5 19.exf6 Qxf6 20.Qe2 Qxb2 21.Re1 Qxa2 22.Rxe7 Rf7
23.Re8+ Rxe8 24.Qxe8+ Rf8 25.Qxc6 Bc3 26.Rf1 Qf7 27.Bg3 Re8 28.Kh2 Kg7 29.f4 Re6
30.Qf3 Rf6 31.Bh4 Rd6 32.f5 Qxf5 33.Qd1 Qh5 34.Qxh5 gxh5 35.Be1 Bf6 36.Bg3 Re6
37.Bb8 a5 38.Rf4 b5 39.Rf5 a4 40.d4 Bxd4 41.c3 Kg6 42.Rd5 Be3  0-1

[Event "CCAS Open"]
[Site "Cap d'Agde FRA"]
[Date "2003.10.29"]
[Round "8"]
[White "Payen,A"]
[Black "Meynard,T"]
[Result "0-1"]
[WhiteElo "2393"]
[BlackElo "2258"]

1.e4 c5 2.Ne2 Nc6 3.Nbc3 Nf6 4.g3 d5 5.exd5 Nxd5 6.Bg2 e6 7.O-O Nf6 8.b3 Be7
9.Bb2 O-O 10.Nb5 Qb6 11.Na3 Qc7 12.Nc4 b5 13.Ne5 Bb7 14.Nf3 Rfd8 15.Qc1 Rac8
16.a4 a6 17.d3 h6 18.Re1 Qb6 19.Nc3 Nd4 20.Ne4 Nd5 21.axb5 axb5 22.Qd1 Nb4
23.Rc1 Nxf3+ 24.Bxf3 c4 25.Bg2 f5 26.bxc4 bxc4 27.Be5 cxd3 28.Qh5 Bxe4 29.Qg6 Bf8
30.Rxe4 Rxc2 31.Rf1 Qxf2+  0-1

[Event "WYb16"]
[Site "Halkidiki GRE"]
[Date "2003.10.29"]
[Round "7"]
[White "Mamedov,Rau"]
[Black "Deepan,C"]
[Result "1-0"]
[WhiteElo "2452"]
[BlackElo "2371"]

1.e4 c5 2.Nf3 Nc6 3.Nc3 Nf6 4.d4 cxd4 5.Nxd4 e5 6.Ndb5 d6 7.Nd5 Nxd5 8.exd5 Nb8
9.c4 Be7 10.Be2 O-O 11.O-O a6 12.Nc3 f5 13.f4 Nd7 14.Kh1 Bf6 15.Be3 exf4
16.Bxf4 Ne5 17.Rc1 Ng6 18.Bg3 Bg5 19.Ra1 Be3 20.Bd3 Ne5 21.Bxe5 dxe5 22.Qe2 Bd4
23.Rad1 Qd6 24.Bc2 Bd7 25.Qd3 Ba7 26.Qg3 Rae8 27.a3 Bb8 28.b4 b6 29.Na4 Rc8
30.c5 bxc5 31.bxc5 Rxc5 32.Nxc5 Qxc5 33.Rc1 e4 34.d6 Qxd6 35.Qxd6 Bxd6 36.Bb3+ Kh8
37.Rfd1 Bf4 38.Rc5 e3 39.Rxd7  1-0

[Event "WYb16"]
[Site "Halkidiki GRE"]
[Date "2003.10.29"]
[Round "7"]
[White "Kuzin,A"]
[Black "Pashikian,A"]
[Result "0-1"]
[WhiteElo "2252"]
[BlackElo "2400"]

1.e4 c5 2.Nc3 Nc6 3.Nf3 g6 4.Bb5 Bg7 5.Bxc6 dxc6 6.h3 Nf6 7.d3 Nd7 8.Be3 e5
9.Qd2 h6 10.O-O Qe7 11.a3 Nf8 12.b4 Ne6 13.Na4 b6 14.Nh2 f5 15.exf5 gxf5
16.f4 exf4 17.Bxf4 Bxa1 18.Rxa1 Nxf4 19.Qxf4 Bd7 20.Nf3 O-O-O 21.Re1 Qg7
22.bxc5 b5 23.Ne5 Rhg8 24.g4 fxg4 25.h4 Qe7 26.Rb1 g3 27.d4 Rdf8 28.Qe4 Rg4  0-1

[Event "Masters"]
[Site "Rosny sous Bois FRA"]
[Date "2003.10.29"]
[Round "5"]
[White "Picard,R"]
[Black "Onkoud,A"]
[Result "0-1"]
[WhiteElo "2233"]
[BlackElo "2323"]

1.e4 c5 2.Nf3 Nc6 3.Nc3 e5 4.Bc4 d6 5.d3 h6 6.O-O g5 7.Nd2 h5 8.a3 Bg4 9.f3 Be6
10.b4 Nge7 11.Nd5 Ng6 12.Rb1 Rb8 13.c3 b5 14.bxc5 bxc4 15.Qa4 Bd7 16.Rxb8 Nxb8
17.Qxa7 Nf4 18.Nc7+ Ke7 19.Nxc4 Nc6 20.cxd6+ Kf6 21.Qb6 Nxd3 22.h4 Nxc1 23.hxg5+ Kg6
24.Rxc1 Qxg5 25.Rc2 Bh6 26.Nd5 Rb8 27.Qf2 Rb1+ 28.Kh2 h4 29.g4 Be6 30.Nce3 Qd8
31.Rb2 Rxb2 32.Qxb2 Qxd6 33.Nf5 Bxf5 34.gxf5+ Kg7 35.Qb6 h3 36.Kxh3 Bf4 37.f6+ Kh7
38.Qb7 Nd8 39.Qe7 Qa6 40.Kg2 Qe2+ 41.Kg1 Bh2+ 42.Kh1 Bg3  0-1

[Event "Open"]
[Site "Bastia FRA"]
[Date "2003.10.30"]
[Round "7"]
[White "Paragua,M"]
[Black "Van Wely,L"]
[Result "1/2-1/2"]
[WhiteElo "2500"]
[BlackElo "2654"]

1.e4 c5 2.Nf3 Nc6 3.Nc3 g6 4.Bb5 Bg7 5.O-O Nd4 6.Ba4 Qa5 7.Rb1 b5 8.Nxd4 cxd4
9.b4 Qa6 10.Bxb5 Qb7 11.Nd5 Qb8 12.Qf3 e6 13.Bc4 exd5 14.Bxd5 Nf6 15.Bxa8 Qxa8
16.Bb2 O-O 17.Rfe1 d5 18.e5 Ne4 19.Qd3 Bxe5 20.Bxd4 Bf4 21.Be3 Qb8 22.Bxf4 Qxf4
23.Qd4 Qg5 24.Re3 Be6 25.c4 Nd6 26.c5 Nf5 27.Qe5 d4 28.Rd3 Bxa2 29.Rc1 Qd8
30.c6 Be6 31.c7 Qd7 32.Ra3 d3 33.Qe4 Rc8 34.Rxa7 Bd5 35.Qxd3 Qe6 36.Ra5 Bb7
37.h3 Qe7 38.Rac5 Nh4 39.f3 h5 40.Qd4 Nf5 41.Qe5 Qd7 42.Rd1 Nd4 43.Rc4 Ne6
44.d4 Rxc7 45.Rxc7 Nxc7 46.Ra1 Nb5 47.Rd1 Bd5 48.Rc1 Bb7 49.Rd1 Nc3 50.Rd2 Nd5
51.Ra2 Nxb4 52.Rb2 Nc6 53.Qe4 Na5 54.Qe5 Nc6 55.Qe4 Nd8 56.Qe5 Nc6 57.Qe4 Nd8
58.Qe5  1/2-1/2

[Event "WYb16"]
[Site "Halkidiki GRE"]
[Date "2003.10.30"]
[Round "8"]
[White "Mamikonian,T"]
[Black "Lenic,L"]
[Result "1/2-1/2"]
[WhiteElo "2295"]
[BlackElo "2352"]

1.e4 c5 2.Nf3 Nc6 3.Nc3 g6 4.d4 cxd4 5.Nxd4 Bg7 6.Be3 Nf6 7.Bc4 Qa5 8.O-O O-O
9.Bb3 d6 10.h3 Bd7 11.Qf3 Nxd4 12.Bxd4 Bc6 13.Nd5 Bxd5 14.exd5 Qc7 15.Qe3 a5
16.a4 Rfe8 17.Rfe1 Nd7 18.Bxg7 Kxg7 19.Qd4+ Nf6 20.Re3 Qc5 21.Qxc5 dxc5 22.Rae1 Kf8
23.Bc4 Ng8 24.Rf3 Kg7 25.Re5 b6 26.g4 Red8 27.g5 Rd6 28.h4 f6 29.Re6 fxg5
30.hxg5 h6 31.gxh6+ Kxh6 32.Rxd6 exd6 33.Rf7 Re8 34.Rd7 Re4 35.Bd3 Rd4 36.Rxd6 Ne7
37.Rxb6 c4 38.Be2 Nxd5 39.Rc6 Nb4 40.Rxc4 Rxc4 41.Bxc4 Nxc2 42.Kg2 Nd4 43.Kg3 Kg5
44.f4+ Kf5 45.Bd3+ Kf6 46.Kg4 Kf7 47.Be4 Kf6 48.Bb1 Nb3 49.Bd3 Nd4 50.Bb5 Kg7
51.Be8 Kf6 52.Bd7 Ke7 53.Bc8 Kf6 54.Kg3 g5 55.Kg4 gxf4 56.Kxf4 Nb3  1/2-1/2

[Event "WYb18"]
[Site "Halkidiki GRE"]
[Date "2003.10.30"]
[Round "8"]
[White "Shytaj,L"]
[Black "Heberla,B"]
[Result "1/2-1/2"]
[WhiteElo "2343"]
[BlackElo "2420"]

1.e4 c5 2.Nf3 Nc6 3.Nc3 d6 4.d4 cxd4 5.Nxd4 Nf6 6.Bg5 Bd7 7.Qd2 Nxd4 8.Qxd4 h6
9.Bxf6 gxf6 10.f4 Qa5 11.Bc4 Rc8 12.Bb3 Qc5 13.O-O-O Bg7 14.Qd3 b5 15.Qg3 Kf8
16.e5 fxe5 17.Rhf1 e4 18.Nxe4 Qc6 19.f5 Qxe4 20.f6 Bxf6 21.Rxf6 exf6 22.Qxd6+ Kg7
23.Qxd7 Qf4+ 24.Kb1 Rc7  1/2-1/2

[Event "WYb16"]
[Site "Halkidiki GRE"]
[Date "2003.10.30"]
[Round "8"]
[White "Pashikian,A"]
[Black "Meszaros,Mi"]
[Result "0-1"]
[WhiteElo "2400"]
[BlackElo "2306"]

1.e4 c5 2.Nc3 Nc6 3.Bb5 Nd4 4.Bc4 e6 5.Nge2 Ne7 6.O-O Nec6 7.Ng3 g6 8.d3 a6
9.f4 b5 10.Bb3 Nxb3 11.axb3 Bb7 12.Be3 Nd4 13.Qd2 f5 14.b4 d6 15.Rae1 Bg7
16.exf5 gxf5 17.Nb1 h5 18.Qd1 h4 19.Nh5 Qe7 20.c3 Qf7 21.cxd4 cxd4 22.Bc1 Rxh5
23.Rxe6+ Kd7 24.Rfe1 Be5 25.fxe5 Kxe6 26.Nd2 dxe5 27.Nf3 f4 28.Qe2 Bxf3 29.Qxf3 Rf8
30.Bd2 Kf6 31.Ra1 Kg7 32.Rxa6 Rh6 33.Ra5 Qd7 34.Qe2 Re8 35.h3 Rg6 36.Qf3 Rd8
37.Qe4 Qd5 38.Ra7+ Kh6 39.Qe2 Rdg8 40.g4 hxg3 41.Re7 Rg5 42.h4 Rf5 43.Qd1 Rg7
44.Re8 Kh7  0-1

[Event "WYb16"]
[Site "Halkidiki GRE"]
[Date "2003.10.31"]
[Round "9"]
[White "Mamedov,Rau"]
[Black "Papin,V"]
[Result "1-0"]
[WhiteElo "2452"]
[BlackElo "2397"]

1.e4 c5 2.Nf3 Nc6 3.Nc3 g6 4.d4 cxd4 5.Nxd4 Bg7 6.Be3 Nf6 7.Bc4 d6 8.h3 O-O
9.Bb3 Bd7 10.O-O Na5 11.Qd3 Nxb3 12.axb3 a6 13.Rad1 Qc7 14.Rfe1 h6 15.Nd5 Nxd5
16.exd5 Kh7 17.c4 Rad8 18.Bd2 Rfe8 19.Bc3 e5 20.dxe6 fxe6 21.Qg3 e5 22.Nc2 Be6
23.Ne3 b5 24.Rc1 Qb7 25.Red1 Rd7 26.Nd5 Rc8 27.Qh4 Bxd5 28.Rxd5 bxc4 29.bxc4 Rdc7
30.Rxd6 Rxc4 31.Qg3 Qf7 32.Rcd1 Re8 33.Rxa6 Re6 34.Rda1 Rc7 35.Rxe6 Qxe6
36.Re1 Re7 37.Qe3 Qc6 38.Qe4 Qb5 39.f4 Qb6+ 40.Kh1 Qb3 41.fxe5 Re6 42.Rf1 Ra6
43.Qf3 Ra7 44.Re1 Re7 45.e6 Bxc3 46.bxc3 Kg7 47.Qe3 Kh7 48.Qe5 Qb6 49.c4 Qf2
50.c5  1-0

[Event "WYb16"]
[Site "Halkidiki GRE"]
[Date "2003.10.31"]
[Round "9"]
[White "Meszaros,Mi"]
[Black "Deepan,C"]
[Result "1/2-1/2"]
[WhiteElo "2306"]
[BlackElo "2371"]

1.e4 c5 2.Nf3 Nc6 3.Nc3 Nf6 4.d4 cxd4 5.Nxd4 e5 6.Ndb5 d6 7.Bg5 a6 8.Na3 b5
9.Nd5 Be7 10.Bxf6 Bxf6 11.c3 Bg5 12.Nc2 Ne7 13.Nce3 O-O 14.a4 Bxe3 15.Nxe3 Bb7
16.Bd3 d5 17.axb5 axb5 18.Rxa8 Bxa8 19.O-O d4 20.cxd4 Qxd4 21.Qb3 Bxe4 22.Bxe4 Qxe4
23.Qxb5 Ng6 24.Qd5 Qxd5 25.Nxd5 Rb8 26.Ra1 Kf8 27.g3 Ne7 28.Ra5 f6 29.Nxe7 Kxe7
30.Ra7+ Kf8 31.Ra2 Kf7 32.h4 Kg6 33.Kg2 h5 34.Kf3 Kf5 35.Ra7 g6 36.Ra2 Rb6
37.Kg2 Ke4 38.Ra4+ Kf5  1/2-1/2

[Event "WYg18"]
[Site "Halkidiki GRE"]
[Date "2003.10.31"]
[Round "9"]
[White "Meshcheriakova,E"]
[Black "Paridar,S"]
[Result "1/2-1/2"]
[WhiteElo "2231"]
[BlackElo "2253"]

1.e4 c5 2.Nf3 Nc6 3.Nc3 e5 4.Bc4 Be7 5.d3 d6 6.Nd2 Nf6 7.Nf1 a6 8.Ne3 b5
9.Bd5 Nxd5 10.Ncxd5 O-O 11.O-O f5 12.exf5 Bxf5 13.Nxf5 Rxf5 14.Qg4 Rf7 15.Be3 Bf6
16.Rae1 Qf8 17.a4 Bd8 18.c3 Ne7 19.Qe4 Rb8 20.axb5 Nxd5 21.Qxd5 Rxb5 22.Ra1 a5
23.f4 Bf6 24.fxe5 Bxe5 25.c4 Rb7 26.Rxa5 Kh8 27.Rxf7 Rxf7 28.Qxf7 Qxf7 29.Ra8+ Qg8
30.Rxg8+ Kxg8 31.b3 Kf7 32.h3 Ke6 33.Kf2 Bf6 34.Kf3 Bc3 35.Ke4 Bf6 36.d4 Be7
37.Bd2 Bf8 38.Bc3 g6 39.b4 Be7 40.g4 cxb4 41.Bxb4 Bf8 42.Bc3 Be7 43.d5+ Kd7
44.Bg7 Ke8 45.Kd3 Kd7 46.Kc3 Bd8 47.Bd4 Be7 48.Kb4 Bg5 49.Kc3 Bf4 50.Kd3 Bg5
51.Ke4 Be7 52.Be3 Ke8 53.Bh6 Kf7 54.Kf4 Bf6 55.Bg5 Bg7 56.Bd8 Ke8 57.Bb6 Bf6
58.Bf2 Kd7 59.Ke4 Be7 60.Bd4 Ke8 61.Kf4 Kf7 62.Bb2 Ke8 63.Bc3 Kd7 64.Ke4 Ke8
65.Ba5 Kd7 66.Kd3 Ke8 67.c5 dxc5 68.Kc4 Kd7 69.Bb6 Bd6 70.Bxc5 Bg3 71.Kd3 Bh2
72.Ke4 Bg3 73.Bd4 Kd6 74.Be3 Kd7 75.Bf4 Bh4 76.Ke5 Be7 77.Bh6 Bd8 78.Bf8 Bg5
79.Bg7 Be7 80.Bh6 Bd8 81.g5 Be7 82.h4 Bd6+ 83.Ke4  1/2-1/2

[Event "LXVIII ch-ESP Abierto"]
[Site "Burgos ESP"]
[Date "2003.11.01"]
[Round "9"]
[White "Saldana Caballe,E"]
[Black "Gonzalez de la Torre,S"]
[Result "1/2-1/2"]
[WhiteElo "2111"]
[BlackElo "2365"]

1.e4 c5 2.Nc3 Nc6 3.Bb5 Nd4 4.Bc4 e6 5.Nf3 a6 6.d3 b5 7.Bb3 Nxb3 8.axb3 Bb7
9.Bf4 d6 10.O-O e5 11.Bg3 Ne7 12.Nd2 Ng6 13.Ne2 Be7 14.f4 exf4 15.Nxf4 O-O
16.Nd5 Bxd5 17.exd5 f5 18.Nf3 Bf6 19.c3 Qb6 20.Qd2 f4 21.Bf2 Qb7 22.d4 c4
23.bxc4 bxc4 24.Ra5 Rfe8 25.Re1 Qb6 26.Rxe8+ Rxe8 27.Ra2 Qb5 28.Qc2 Nf8 29.Qa4 Re2
30.Qxb5 axb5 31.Kf1 Rc2 32.Ne1 Rd2 33.Nf3 Rc2  1/2-1/2

[Event "LXVIII ch-ESP Abierto"]
[Site "Burgos ESP"]
[Date "2003.11.01"]
[Round "9"]
[White "San Emeterio Cabanes,J"]
[Black "Castany Pampalona,L"]
[Result "1-0"]
[WhiteElo "2342"]
[BlackElo "2222"]

1.e4 c5 2.Nf3 Nc6 3.Nc3 Nf6 4.Bb5 d6 5.Bxc6+ bxc6 6.h3 e5 7.d3 h6 8.Nd2 d5
9.Qe2 Bd6 10.O-O O-O 11.Re1 a6 12.Nf1 Ra7 13.Ng3 Re7 14.Qf3 Bb7 15.Bxh6 Re6
16.Bg5 Rfe8 17.h4 Qb6 18.Bd2 c4 19.dxc4 Qd4 20.cxd5 cxd5 21.Qd3 dxe4 22.Ncxe4 Bxe4
23.Nxe4 Nxe4 24.Rxe4 Qxb2 25.Bc3 Qb6 26.Rg4 Bc5 27.Qg3 g6 28.h5 Rf6 29.Rf1 Ree6
30.hxg6 fxg6 31.Bxe5 Rf5 32.Bc3 Kf7 33.Rh4 Bxf2+ 34.Rxf2 Re2 35.Rf4 Rxf2
36.Qxf2 Qb1+ 37.Qf1 Qxc2 38.Rxf5+ gxf5 39.Qc4+ Kg6  1-0

[Event "WYb18"]
[Site "Halkidiki GRE"]
[Date "2003.11.01"]
[Round "10"]
[White "Friedel,J"]
[Black "Ibarra Jerez,JC"]
[Result "1-0"]
[WhiteElo "2328"]
[BlackElo "2413"]

1.e4 c5 2.Nf3 Nc6 3.Nc3 g6 4.d4 cxd4 5.Nxd4 Bg7 6.Be3 Nf6 7.Bc4 O-O 8.Bb3 Qa5
9.O-O d6 10.h3 Bd7 11.f4 Qh5 12.Qd2 b5 13.a3 a5 14.Bd5 b4 15.axb4 axb4 16.Rxa8 Rxa8
17.Nxc6 bxc3 18.Nxe7+ Kf8 19.bxc3 Re8 20.e5 Nxd5 21.Nxd5 g5 22.Nc7 Re7 23.Qxd6 gxf4
24.Bc5 Qxe5 25.Qxe5 Bxe5 26.Nd5  1-0

[Event "WYb14"]
[Site "Halkidiki GRE"]
[Date "2003.11.01"]
[Round "10"]
[White "Melkumyan,H"]
[Black "Dourerassou,J"]
[Result "0-1"]
[WhiteElo "2343"]
[BlackElo "2250"]

1.e4 c5 2.Nf3 Nc6 3.Nc3 e6 4.Bb5 Na5 5.d4 a6 6.Be2 cxd4 7.Nxd4 Qc7 8.Nb3 Nxb3
9.axb3 Nf6 10.O-O Be7 11.Be3 O-O 12.f4 d6 13.g4 d5 14.e5 Nd7 15.Nb5 Qb8 16.Nd4 Bc5
17.Rf3 b5 18.Rh3 f6 19.Qd3 g6 20.Nxe6 Nxe5 21.fxe5 Bxe3+ 22.Rxe3 Bxe6 23.exf6 Qb6
24.c3 Rxf6 25.Qd4 Bf7 26.Qxb6 Rxb6 27.b4 g5 28.Bf3 Rd8 29.Rd1 Rbd6 30.Rd4 Kg7
31.Kf2 Kf6 32.h3 Re6 33.Red3 Re5 34.Rd1 Rd7 35.R4d3 Be6 36.Kg3 Kg6 37.Ra1 Rd6
38.Kf2 Kf6 39.Rd4 Bf7 40.Rf1 Ke7 41.Rfd1 Rf6 42.R4d3 h6 43.Kg2 Rd6 44.b3 Rc6
45.Rc1 Rc7 46.Kf2 Ke6 47.Re3 Bg6 48.Rce1 Rxe3 49.Rxe3+ Kd6 50.Ke2 Bc2 51.Kd2 Bxb3
52.Re8 Rc6 53.Kd3 Kd7 54.Re5 Rf6 55.Be2 Bc4+ 56.Kd4 Kd6 57.Re8 Rf4+ 58.Ke3 Bxe2
59.Kxe2 Re4+ 60.Rxe4 dxe4  0-1

[Event "WYb16"]
[Site "Halkidiki GRE"]
[Date "2003.11.01"]
[Round "10"]
[White "Deepan,C"]
[Black "Lenic,L"]
[Result "1-0"]
[WhiteElo "2371"]
[BlackElo "2352"]

1.e4 c5 2.Nf3 Nc6 3.Nc3 e5 4.Bc4 d6 5.d3 Be7 6.O-O Nf6 7.Ng5 O-O 8.f4 Bg4
9.Nf3 exf4 10.Bxf4 Nd4 11.Kh1 Qd7 12.Be3 Nxf3 13.gxf3 Be6 14.Rg1 g6 15.Bh6 Rfd8
16.Bxe6 Qxe6 17.Bg5 Rac8 18.Rb1 Nd7 19.f4 Bxg5 20.Rxg5 Qh3 21.Nd5 Re8 22.Rg3 Qh4
23.Qf3 Nb6 24.Rh3 Qd8 25.Ne3 c4 26.Rg1 Kh8 27.f5 cxd3 28.fxg6  1-0

[Event "Autumn"]
[Site "Venice ITA"]
[Date "2003.11.01"]
[Round "4"]
[White "Dragojlovic,A"]
[Black "Bonafede,A"]
[Result "1-0"]
[WhiteElo "2327"]
[BlackElo "2034"]

1.e4 c5 2.Nf3 Nc6 3.Nc3 Nf6 4.Bb5 d6 5.e5 dxe5 6.Nxe5 Qc7 7.Nxc6 bxc6 8.Qf3 Bb7
9.Bc4 g6 10.O-O Bg7 11.Ne4 Qe5 12.d3 Nd5 13.Bd2 O-O 14.Nxc5 Bc8 15.Rab1 Rb8
16.Rfe1 Qd6 17.Ne4 Qc7 18.c3 Kh8 19.d4 e5 20.dxe5 Bxe5 21.Ng3 Be6 22.Bb3 Bf4
23.Bxf4 Qxf4 24.Bxd5  1-0

[Event "WYb18"]
[Site "Halkidiki GRE"]
[Date "2003.11.02"]
[Round "11"]
[White "Barbosa,O PHI"]
[Black "Alcazar Jimenez,V"]
[Result "1-0"]
[WhiteElo "2293"]
[BlackElo "2363"]

1.e4 c5 2.Nc3 Nc6 3.Bb5 Nd4 4.Bc4 e6 5.Nge2 Nf6 6.O-O b5 7.Nxb5 Nxb5 8.Bxb5 Nxe4
9.d4 Bb7 10.Ng3 Nf6 11.c4 cxd4 12.Qxd4 Be7 13.Bf4 O-O 14.Rfe1 a6 15.Ba4 Qa5
16.Bc2 Rac8 17.Re5 Rc5 18.Nf5 exf5 19.Rxe7 Qb4 20.b3 Rc6 21.Re3 Nh5 22.a3 Qb6
23.Qxb6 Rxb6 24.Be5 g6 25.Rd1 f4 26.Ree1 Bc6 27.Bd6 Rc8 28.Re7 f3 29.g4 Ng7
30.b4 Ne8 31.Bf4 Nc7 32.Re3 Ne6 33.Be5 Rb7 34.Bb3 f5 35.gxf5 gxf5 36.Kh1 Kf7
37.Rg1 Be4 38.c5 Kf8 39.Bc4 Ra7 40.Bd3 a5 41.Bxe4 fxe4 42.Rxe4 axb4 43.axb4 Ra2
44.Rh4 Re2 45.Rxh7 Rxe5 46.Rh8+ Kf7 47.Rxc8 Ng5 48.Ra8 Nh3 49.Rga1 Nxf2+
50.Kg1 Nh3+ 51.Kf1 Rg5 52.Ke1 Rg2 53.R8a2 Ke6 54.b5 f2+ 55.Ke2 Kd5 56.c6 dxc6
57.b6 Rg8 58.b7 Rb8 59.Rb1 Kd6 60.Ra3 Nf4+ 61.Kxf2 Kc7 62.Rf3 Ne6 63.h4 Nd8
64.h5  1-0

[Event "WYb18"]
[Site "Halkidiki GRE"]
[Date "2003.11.02"]
[Round "11"]
[White "Polivanov,A"]
[Black "Popovics,A"]
[Result "1/2-1/2"]
[WhiteElo "2393"]
[BlackElo "2431"]

1.e4 c5 2.Nc3 Nc6 3.Nge2 e5 4.Nd5 Be7 5.Nec3 Nf6 6.g3 d6 7.Bg2 h5 8.d3 Nxd5
9.Nxd5 Bg4 10.f3 Be6 11.Be3 h4 12.c3 Qd7 13.Qd2 hxg3 14.hxg3 Rxh1+ 15.Bxh1 O-O-O
16.O-O-O Rh8 17.Bg2 Bd8 18.f4 exf4 19.Bxf4 Rh2 20.Rh1 Rxh1+ 21.Bxh1 Bxd5
22.exd5 Ne5 23.Bxe5 dxe5 24.Qf2 Be7 25.Kb1 Bd6 26.Be4 g6 27.Qf6 Qe7 28.Qxe7  1/2-1/2

[Event "FSGM November"]
[Site "Budapest HUN"]
[Date "2003.11.03"]
[Round "3"]
[White "Kallio,H"]
[Black "Wittmann,W"]
[Result "1/2-1/2"]
[WhiteElo "2493"]
[BlackElo "2333"]

1.e4 c5 2.Nc3 Nc6 3.Nf3 d6 4.d4 cxd4 5.Nxd4 Nf6 6.Bg5 e6 7.Qd2 Be7 8.O-O-O Nxd4
9.Qxd4 O-O 10.f3 Bd7 11.h4 Bc6 12.Kb1 Qc7 13.Qd2 Rfd8 14.Bd3 a6 15.Qe1 b5
16.g4 b4 17.Ne2 Rdc8 18.Rh2 Bb5 19.Nc1 Bxd3 20.Nxd3 a5 21.Rg2 Rab8 22.Be3 Nd7
23.g5 Qb7 24.Bc1 Nb6 25.b3 Na8 26.Bb2 Nc7 27.Rf2 Nb5 28.f4 Nc3+ 29.Bxc3 Rxc3
30.f5 Rbc8 31.f6 Bf8 32.h5 gxf6 33.gxf6 Bh6 34.Rg2+ Kh8 35.Qg3 Rd8 36.Rdg1 Rcc8
37.Qe1 Qc6 38.Nb2 d5 39.Nd3 Qc7 40.exd5 Rxd5 41.Qe2 Qc3 42.Qf3 Rdd8 43.Qe2 Rd5
44.Qf3 Rdd8 45.Qe2  1/2-1/2

[Event "1st Chesspangenberg Open"]
[Site "Buenos Aires ARG"]
[Date "2003.11.05"]
[Round "2"]
[White "Mahia,G"]
[Black "Salvatore,L"]
[Result "1-0"]
[WhiteElo "2377"]
[BlackElo "2106"]

1.e4 c5 2.Nf3 Nc6 3.Nc3 d6 4.d4 cxd4 5.Nxd4 e5 6.Nb3 Be6 7.Be2 Be7 8.O-O Nf6
9.Bg5 a6 10.Qd2 Rc8 11.Rad1 Bxb3 12.axb3 Nd4 13.Bd3 O-O 14.f3 Nh5 15.Be3 Ne6
16.Bc4 b5 17.Bd5 Qc7 18.Rf2 Nhf4 19.Ra1 b4 20.Nd1 a5 21.Bc4 Rfd8 22.Kh1 h6
23.g3 Nh3 24.Rf1 Bg5 25.Kg2 d5 26.exd5 Bxe3 27.Nxe3 Nhg5 28.h4 Nh7 29.Qf2 Nc5
30.Rfd1 Nf6 31.Qe2 g6 32.Rd2 e4 33.f4 Rd6 34.Bb5 Rcd8 35.Rad1 Qe7 36.Bc6 Rc8
37.Qb5 Ne6 38.Qxa5 Nxf4+ 39.gxf4 Nh5 40.Kg1 Qxh4 41.Ng2 Qg4 42.Qxb4 Rf6 43.Qxe4 Nxf4
44.Re1 Nh3+ 45.Kh2 Qh5 46.Qh4  1-0

[Event "1st Chesspangenberg Open"]
[Site "Buenos Aires ARG"]
[Date "2003.11.06"]
[Round "3"]
[White "Rodi,L"]
[Black "Alonso,S"]
[Result "1-0"]
[WhiteElo "2243"]
[BlackElo "2484"]

1.e4 c5 2.Nc3 Nc6 3.Bb5 Nd4 4.Bc4 e6 5.Nf3 Nf6 6.O-O a6 7.d3 d5 8.exd5 exd5
9.Nxd5 Nxd5 10.Nxd4 Nb6 11.Re1+ Be7 12.Bg5 f6 13.Bxf6 gxf6 14.Qh5+ Kd7 15.Ne6 Qe8
16.Qf5 Nxc4 17.Ng7+ Kd8 18.Qd5+ Nd6 19.Nxe8 Rxe8 20.Rxe7  1-0

[Event "7th BayEM"]
[Site "Bad Wiessee GER"]
[Date "2003.11.08"]
[Round "1"]
[White "Naumann,A"]
[Black "Lamberger,W"]
[Result "1-0"]
[WhiteElo "2518"]
[BlackElo "2048"]

1.e4 c5 2.Nf3 Nc6 3.Nc3 e5 4.Bc4 d6 5.d3 Be6 6.Nd2 Nge7 7.Nf1 Ng6 8.Ne3 Nf4
9.g3 Bxc4 10.Nxc4 Ne6 11.O-O h5 12.Nd5 h4 13.Qg4 Be7 14.c3 Bf6 15.a3 Ne7
16.Nxe7 Qxe7 17.Ne3 O-O-O 18.Nd5 Qd7 19.Qf5 Rdg8 20.f4 hxg3 21.hxg3 Qa4 22.fxe5 dxe5
23.Be3 Kb8 24.Rf2 c4 25.d4 Rf8 26.Nxf6 gxf6 27.d5 Rfg8 28.Kg2 Nf8 29.Qxf6 Nd7
30.Qxf7 Rg4 31.Rc1 Rhg8 32.Rf3 R4g7 33.Qe6 Rg6 34.Qe7 Qb5 35.Rc2 Ka8 36.Rcf2 Qa4
37.Rf8+ Nb8 38.Rxg8 Rxg8 39.Qxe5 Re8 40.Qd4 Nd7 41.Bf4 Qa6 42.e5 Qg6 43.e6 Nb6
44.Bc7 Qh5 45.Bxb6 axb6 46.d6 Rh8 47.Qxh8+  1-0

[Event "1st Chesspangenberg Open"]
[Site "Buenos Aires ARG"]
[Date "2003.11.08"]
[Round "5"]
[White "Garbarino,R"]
[Black "Cativelli,G"]
[Result "0-1"]
[WhiteElo "2393"]
[BlackElo "2230"]

1.e4 c5 2.Nc3 Nc6 3.Nf3 Nf6 4.Bb5 a6 5.Bxc6 bxc6 6.d3 g6 7.O-O Bg7 8.e5 Nd5
9.Ne4 O-O 10.Nxc5 d6 11.exd6 exd6 12.Ne4 Rb8 13.c4 Nf6 14.Ng3 h6 15.Rb1 c5
16.d4 cxd4 17.Nxd4 Bb7 18.Be3 Ne4 19.f3 Nxg3 20.hxg3 Re8 21.Bf2 Qa5 22.a3 h5
23.Qd3 Qc7 24.Ne2 Bc8 25.Nd4 Bd7 26.b3 Rec8 27.Rfe1 Bf6 28.Rbd1 Re8 29.Ne2 Be5
30.Bd4 Bf5 31.Qc3 a5 32.f4 Bxd4+ 33.Nxd4 Bg4 34.Ra1 Rec8 35.Qe3 Qc5 36.Nb5 d5
37.Rac1 Qxe3+ 38.Rxe3 Rxb5 39.cxb5 Rxc1+ 40.Kh2 Kf8 41.Rd3 Be6 42.Rd4 Rc5
43.a4 Ke7 44.b4 axb4 45.Rxb4 Rc4 46.Rb2 Rxa4 47.Kg1 Kd7  0-1